Statistiques concernant Culture Générale - Série 534

Cliquez ici pour prendre le quiz!

Statistiques générales

  • Ce quiz a été pris 174 fois
  • Le résultat moyen est 7 sur 10

Statistiques - réponses

QuestionRéponse% Correct
Qu'est-ce qui "ne fait pas le moine" selon un célèbre proverbe ?L'habit
98%
Quelle est la langue officielle du Mexique ?espagnol
97%
Quelle grande ville française est aussi appelée la cité phocéenne ?Marseille
96%
Quel adjectif qualifie la force d'inertie qui vous éloigne du centre d'un virage quand vous êtes en voiture ?Centrifuge
81%
Dans quelle ville française est situé le siège d'Interpol ?Lyon
78%
A quel sport olympique le télémark est-il apparenté ?ski
69%
Quel était le nom des frères et acteurs Groucho, Chico, Gummo, Harpo et Zeppo ?Marx
68%
Selon le titre d'une pièce avec Chevallier et Laspalès, comment s'appelle "Ma femme" ?Maurice
63%
En 2008, quel acteur, prénommé Patrick, incarne François Pignon dans le film "L'Emmerdeur" de Francis Veber ?Patrick Timsit
45%
Quelle ex-danseuse du Crazy Horse a été l'épouse d'Alain Bernardin ?Lova Moor
17%

Distribution des résultats

Percentile par nombre de réponses

% des personnes avec chaque résultat

Votre développement - résultats

Vous n’avez pas pris ce quiz